Public service of Papua New Guinea (Record no. 515251)

000 -LEADER
fixed length control field 00330nam a22000977a 4500
082 ## - DEWEY DECIMAL CLASSIFICATION NUMBER
Classification number TNC K78x95 D969
100 ## - MAIN ENTRY--PERSONAL NAME
Personal name Dwivedi, O.P. and Nelson E. Paulias (ed.)
9 (RLIN) 20520
245 ## - TITLE STATEMENT
Title Public service of Papua New Guinea
Statement of responsibility, etc Edited by O.P. Dwivedi and Nelson E. Paulias
260 ## - PUBLICATION, DISTRIBUTION, ETC. (IMPRINT)
Place of publication, distribution, etc New Guinea
Name of publisher, distributor, etc Administrative college
Date of publication, distribution, etc 1986
300 ## - PHYSICAL DESCRIPTION
Extent 372p.
Holdings
Withdrawn status Lost status Source of classification or shelving scheme Damaged status Koha normalized classification for sorting Not for loan Permanent location Current location Date acquired Full call number Barcode Date last seen Price effective from Koha item type
        TNC_K78X95_D969   Indian Institute of Public Administration Indian Institute of Public Administration 2021-01-19 TNC K78x95 D969 gr22024 2021-01-19 2021-01-19 GR

Powered by Koha